LIBRARY & INFORMATION CENTRE, KCAET, TAVANUR

ONLINE PUBLIC ACCESS CATALOGUE (OPAC)

Organic chemistry: the fundamental principles vol-1 / (Record no. 7265)

MARC details
000 -LEADER
fixed length control field 00442cam a2200181ua 4500
020 ## - INTERNATIONAL STANDARD BOOK NUMBER
ISBN 0 582 251664
041 ## - LANGUAGE CODE
Language code of text/sound track or separate title eng
082 ## - DEWEY DECIMAL CLASSIFICATION NUMBER
Classification number 547
Item number FIN/OR
100 ## - MAIN ENTRY--AUTHOR NAME
Personal name Finar, I L .
245 ## - TITLE STATEMENT
Title Organic chemistry: the fundamental principles vol-1 /
250 ## - EDITION STATEMENT
Edition statement 6 /
260 ## - PUBLICATION, DISTRIBUTION, ETC. (IMPRINT)
Place of publication London :
Name of publisher Longman ,
Year of publication 1994.
300 ## - PHYSICAL DESCRIPTION
Number of Pages 965 ; .
500 ## - GENERAL NOTE
General note *CSS
942 ## - ADDED ENTRY ELEMENTS (KOHA)
Koha item type Books
Holdings
Withdrawn status Lost status Damaged status Home library Current library Shelving location Date acquired Full call number Accession Number Koha item type
      KAUAET KAUAET Scheme 29/11/2017 547 FIN/OR BB 394 Book Bank scheme for SC students
      KAUAET KAUAET Scheme 26/07/2018 547 FIN/OR 18946 Book Bank scheme for SC students
free website counter